| 000 | 00000nam##2200000za#4500 |
| 001 | 9.696035 |
| 003 | CaOODSP |
| 005 | 20210624234842 |
| 007 | cr ||||||||||| |
| 008 | 150407|2009||||xxc|||||o f|0| 0 eng|d |
| 040 | |aCaOODSP|beng |
| 043 | |an-cn--- |
| 086 | 1 |aET4-7/2009E-PDF |
| 110 | 1 |aCanada. |bOffice of the Conflict of Interest and Ethics Commissioner. |
| 245 | 14|aThe Watson report : |h[electronic resource]|bmade under the Conflict of Interest Act / |cMary Dawson, Conflict of Interest and Ethics Commissioner. |
| 246 | 3 |aThe Watson report in respect of the Conflict of Interest Act |
| 260 | |aOttawa - Ontario : |bOffice of the Conflict of Interest and Ethics Commissioner |cJune 2009. |
| 300 | |a35p. |
| 590 | |a12-13-Supp|b2012-04-03 |
| 775 | 08|tLe rapport Watson : |w(CaOODSP)9.640152 |
| 856 | 40|ahttp://publications.gc.ca|qPDF|s416 KB|uhttps://publications.gc.ca/collections/collection_2012/ccie-ciec/ET4-7-2009-eng.pdf |
| 986 | |a062009-13E |